Después de la transición : gobernabilidad, espacio público y derechos /

Compilación las colaboraciones semanales del politólogo y sociólogo regiomontano José Woldenberg, consejero presidente del Instituto Federal Electoral (IFE) durante los años 1996-2003, para el diario Reforma en los años 2004-2005 sobre varias de las asignaturas pendientes y dificultades de la consol...

Descripción completa

Guardado en:
Detalles Bibliográficos
Autor principal: Woldenberg, José (autor)
Formato: Libro
Idioma:Español
Publicado: México : Cal y Arena, 2006, c2006
Temas:
Etiquetas: Agrega una etiqueta
Sin etiquetas, Sé el primero en etiquetar este registro!

MARC

LEADER 00000nam^a2200000^a^4500
001 000189845
005 20250521000000.0
009 20260310102429.194
020 |a 968-7711-62-0 
037 |a Acervo ITESO - Biblioteca 
041 |a ESP 
082 |a 320. 9720711  |b WOL 
100 |a Woldenberg, José  |e (autor) 
245 1 0 |a Después de la transición :  |b gobernabilidad, espacio público y derechos /  |c J. Woldenberg. 
264 4 |a México :  |b Cal y Arena,  |c 2006, c2006 
300 |a 384 p. 
336 |a texto  |b txt  |2 rdacontenido 
337 |a sin mediación  |b n  |2 rdamedio 
338 |a volumen  |b nc  |2 rdasoporte 
520 |a Compilación las colaboraciones semanales del politólogo y sociólogo regiomontano José Woldenberg, consejero presidente del Instituto Federal Electoral (IFE) durante los años 1996-2003, para el diario Reforma en los años 2004-2005 sobre varias de las asignaturas pendientes y dificultades de la consolidación de la democracia en México, uno de cuyos puntos culminantes fuera la elección presidencial de 2000 organizada por el IFE durante la gestión de Woldenberg. Tras los grandes cambios políticos producidos en el país a lo largo del período 1977-2000, la democracia no aparece como una estación terminal y menos idílica, sino con su propia agenda de problemas, sobre todo en una nación marcada por la desigualdad, como es el caso de México. Cuatro son los ejes en torno a los que Woldenberg estructura su discurso y organiza sus artículos: los nuevos problemas que acarrea la vida democrática; el pulso del ambiente en que se desarrolla la vida política después de la transición; coyunturas que vistas en retrospectiva pueden ayudar a comprender los sucesos posteriores y el ejercicio de los derechos políticos, civiles y sociales. 
649 |a XX 
650 |a Columna Periodística 
650 |a Artículos Periodísticos Mexicanos 
650 |a Periodismo Político -  |z México 
650 |a Democratización -  |z México 
650 |a Democracia -  |z México 
650 |a Transición Política -  |z México 
650 |a Gobernabilidad -  |z México 
650 |a Derecho y Política -  |z México 
650 |a Vida Pública -  |z México 
650 |a México -  |x Condiciones Políticas 
650 |a Política -  |z México -  |x Historia -  |y 2000-2006 -  |x Tema Principal 
650 |a Política -  |z México -  |x Historia -  |y Siglo XXI 
910 |a Fondo General 
920 |a Impresos - Libros 
930 |a Colección General 
905 |a 101 
901 |a 0500132917  |b IT1  |c ACC  |u 20250521 
902 |a https://opac.biblio.iteso.mx/vufind/Record/000189845